02568agaaa2200337 45000010005000000030009000050050017000140070009000310080040000400400023000800410013001031000059001161300032001752450193002072500022004002600099004223000032005215080261005535110090008145200658009045380016015625460013015786500063015917000071016547000073017257000075017987000087018739420012019609990019019729520239019913192IT-RoPAU20220918181227.0d cvaizq50131s9999||||xx ||| | || ||und|| aIT-RoPAUcIT-RoPAU aITALIANO aBlasetti AlessandrogCodice regista SPICS: 9116938909 aCORONA DI FERRO (LA)938910 aCORONA DI FERRO (LA)cSceneggiatura: Pavolini C. Zorzi G. Zucca G. Blasetti A. Castellani R. -- Diretto da: Blasetti AlessandropCORONA DI FERRO (LA) (Rif. Codice opera principale : 63192) aEdizione Standard a(ITALIA)bLUX - ENIC / Distribuzione: RAI TREg"1941 (1° ed.: 1987 ; Ed. Lingua Orig.: 1941)" aVHSbsonoro, b&wc86 minuti a"Fotografia: Vich V. Graveri M.; Montaggio: Mario Serandrei; Musica: Cicognini Alessandro = (Cini A. 13532); Sceneggiatura: Pavolini C. Zorzi G. Zucca G. Blasetti A. Castellani R.; Scenografia: Marchi V.; Soggetto: Blasetti Alessandro -- Castellani Renato" a"Luisa Ferida; Elisa Cegani; Gino Cervi; Rina Morelli; Massimo Girotti; Osv. Valenti" aALTRI-INTERPRETI: PAOLO-STOPPA PRIMO-CARNERA DINA-PERBELLINIA KINDAOR UN PAESE DI LEGGENDA COL FRATRICIDIO SEDEMONDO SPODESTA IL LEGITTIMO SOVRANO E S'IMPADRONISCE DEL REAME SCAMPA SOLO ARMINIO IL FIGLIOLETTO DELLO SPODESTATO CHE VIENE PORTATO NELLA FORESTA E CRESCE COME TARZAN PASSANO GLI ANNI IL RAGAZZO DIVENUTO UOMO SI UNISCE AI POPOLANI CHE COMBATTONO LA GUERRIGLIA CONTRO RE SEDEMONDO PARTECIPA A UN TORNEO E BATTE I PIU' FAMOSI CAVALIERI DELLA TERRA OTTENENDO LA MANO DELLA BUONA FIGLIA DELL'USURPATORE MA QUESTA MUORE SUL PAESE ORMAI PACIFICATO REGNERANNO IL GIOVANE E LA PRINCIPESSA TUNDRA FIGLIA DEL SOVRANO DI UN REGNO CONFINANTE CON KINDAOR aPAL, STEREO aITALIANO aDRAMMATICOeFILMS [VHS]xCodice MATERIA SPICS: 9960934083 aBlasetti Alessandro e(regista)gCodice regista SPICS: 9116938911 aBlasetti Alessandro e(soggetto)gCodice Soggetto SPICS: 9116938912 aCastellani Renato e(soggetto)gCodice Soggetto 2° SPICS: 8317938913 aCicognini Alessandro = (Cini A. 13532)e(musica)gCodice Musica SPICS: 8029938914 cVH2ddc c105004d105004 001040663192_00000000000000071aSPICSbSPICSd2015-01-31l0o63192r2015-01-31 00:00:00w2015-01-31yVHzProgr. Ins.: 2259 / N.Vol.:1 / Copie: 1 / Pag.: / Copia rara: n.d. / date import: 1.2.2015 / By Epidotti, Trombetti, Vaglietti